|
|
|
|
| LEADER |
00000cam a22000004a 4500 |
| 001 |
musev2_45472 |
| 003 |
MdBmJHUP |
| 005 |
20230905044744.0 |
| 006 |
m o d |
| 007 |
cr||||||||nn|n |
| 008 |
160408s2001 inu o 00 0 eng d |
| 020 |
|
|
|a 9780268077082
|
| 020 |
|
|
|z 9780268019631
|
| 035 |
|
|
|a (OCoLC)966766342
|
| 040 |
|
|
|a MdBmJHUP
|c MdBmJHUP
|
| 100 |
1 |
|
|a Chacour, Elias,
|d 1939-
|e author.
|
| 245 |
1 |
0 |
|a We Belong to the Land :
|b The Story of a Palestinian Israeli Who Lives for Peace and Reconciliation /
|c Elias Chacour with Mary E. Jensen ; with a new preface by Elias Chacour.
|
| 264 |
|
1 |
|a Notre Dame, Indiana :
|b University of Notre Dame Press,
|c [2001]
|
| 264 |
|
3 |
|a Baltimore, Md. :
|b Project MUSE,
|c 2017
|
| 264 |
|
4 |
|c ©[2001]
|
| 300 |
|
|
|a 1 online resource (232 pages).
|
| 336 |
|
|
|a text
|b txt
|2 rdacontent
|
| 337 |
|
|
|a computer
|b c
|2 rdamedia
|
| 338 |
|
|
|a online resource
|b cr
|2 rdacarrier
|
| 490 |
0 |
|
|a Erma Konya Kess lives of the just and virtuous series
|
| 588 |
|
|
|a Description based on print version record.
|
| 600 |
1 |
7 |
|a Chacour, Elias,
|d 1939-
|2 fast
|0 (OCoLC)fst00127996
|
| 600 |
1 |
0 |
|a Chacour, Elias,
|d 1939-
|
| 610 |
2 |
7 |
|a Catholic Church.
|2 fast
|0 (OCoLC)fst00531720
|
| 610 |
2 |
0 |
|a Catholic Church
|x Byzantine rite, Melchite
|z Israel
|z Galilee
|x Clergy
|v Biography.
|
| 650 |
|
7 |
|a Palestinian Arabs.
|2 fast
|0 (OCoLC)fst01051590
|
| 650 |
|
7 |
|a Arab-Israeli conflict.
|2 fast
|0 (OCoLC)fst00812220
|
| 650 |
|
7 |
|a RELIGION
|x Inspirational.
|2 bisacsh
|
| 650 |
|
7 |
|a HISTORY
|z Middle East
|x General.
|2 bisacsh
|
| 650 |
|
6 |
|a Conflit israelo-arabe.
|
| 650 |
|
6 |
|a Palestiniens
|z Israël
|z Galilee
|v Biographies.
|
| 650 |
|
0 |
|a Arab-Israeli conflict.
|
| 650 |
|
0 |
|a Palestinian Arabs
|z Israel
|z Galilee
|v Biography.
|
| 651 |
|
7 |
|a Israel
|z Galilee.
|2 fast
|0 (OCoLC)fst01239899
|
| 655 |
|
7 |
|a Biographies.
|2 fast
|0 (OCoLC)fst01919896
|
| 655 |
|
7 |
|a Electronic books.
|2 local
|
| 700 |
1 |
|
|a Jensen, Mary E.,
|e author.
|
| 710 |
2 |
|
|a Project Muse.
|e distributor
|
| 830 |
|
0 |
|a Book collections on Project MUSE.
|
| 856 |
4 |
0 |
|z Texto completo
|u https://projectmuse.uam.elogim.com/book/45472/
|
| 945 |
|
|
|a Project MUSE - Custom Collection
|
| 945 |
|
|
|a Project MUSE - Archive Complete Supplement V
|
| 945 |
|
|
|a Project MUSE - Archive History Supplement V
|